000 00313nam a22001337a 4500
003 SGT
082 _a616.89
_bP08G
100 _aGREYDANUS, DONALD E.
245 _aPEDIATRIC AND ADOLESCENT PSYCHOPHARMACOLOGY
260 _aUK
_bCAMBRIDGE UNI
_c2008
300 _a301
650 _aPSYCHOLOGY
942 _2ddc
_cBK
999 _c14531
_d14531